Từ chiến trường Khu Năm : Bút ký và ghi chép văn học
Gespeichert in:
| 1. Verfasser: | |
|---|---|
| Format: | Buch |
| Sprache: | Undetermined |
| Veröffentlicht: |
Hà Nội
Văn học
2011
|
| Schlagworte: | |
| Tags: |
Tag hinzufügen
Keine Tags, Fügen Sie den ersten Tag hinzu!
|
| Thư viện lưu trữ: | Trung tâm Học liệu Trường Đại học Cần Thơ |
|---|
| LEADER | 00570nam a2200193Ia 4500 | ||
|---|---|---|---|
| 001 | CTU_189439 | ||
| 008 | 210402s9999 xx 000 0 und d | ||
| 082 | |a 895.92284 | ||
| 082 | |b T550/T.1 | ||
| 100 | |a Phan, Tứ | ||
| 245 | 0 | |a Từ chiến trường Khu Năm : | |
| 245 | 0 | |b Bút ký và ghi chép văn học | |
| 245 | 0 | |c Phan Tứ | |
| 260 | |a Hà Nội | ||
| 260 | |b Văn học | ||
| 260 | |c 2011 | ||
| 650 | |a Vietnamese literature,Văn học Việt Nam | ||
| 904 | |i Trúc | ||
| 980 | |a Trung tâm Học liệu Trường Đại học Cần Thơ | ||